Espagne (Football) - Tous les Joueurs (2015-2026) - Statistiques

Statistiques générales
  • Ce quiz a été pris 589 fois
    205 depuis la dernière actualisation
  • Le résultat moyen est 59 sur 146
Statistiques - réponses
Matchs Début Pays % Correct
131 2006 Andrés Iniesta
95%
23 2023 Lamine Yamal
94%
53 2020 Ferran Torres
93%
180 2005 Sergio Ramos
93%
24 2019 Pau Torres
92%
102 2009 Gerard Piqué
90%
52 2014 Dani Carvajal
89%
38 2021 Pedri
87%
30 2022 Nico Williams
85%
28 2021 Gavi
84%
93 2011 Jordi Alba
84%
167 2000 Iker Casillas
83%
1 2016 Inaki Williams
83%
143 2009 Sergio Busquets
83%
56 2020 Unai Simón
83%
41 2019 Fabián Ruiz
80%
59 2018 Rodri
80%
2 2021 Abel Ruiz
79%
87 2014 Álvaro Morata
77%
22 2021 Marc Cucurella
75%
43 2021 Aymeric Laporte
73%
51 2016 Mikel Oyarzabal
73%
11 2022 David Raya
72%
98 2005 David Villa
72%
19 2020 Eric García
72%
2 2023 Fran García
72%
27 2023 Robin Le Normand
72%
8 2023 Aleix García
71%
3 2023 David García
71%
1 2021 Manu García
71%
125 2006 David Silva
70%
45 2014 David De Gea
69%
70 2013 Koke
67%
41 2020 Mikel Merino
67%
46 2019 Dani Olmo
66%
5 2024 Fermín López
65%
29 2013 Nacho Fernández
65%
7 2022 Alejandro Balde
64%
9 2018 Marcos Alonso
64%
24 2021 Martín Zubimendi
63%
10 2024 Pau Cubarsí
62%
39 2013 Isco
61%
38 2016 Marcos Asensio
61%
65 2010 Pedro
61%
110 2006 Cesc Fàbregas
59%
21 2013 Inigo Martínez
59%
1 2021 Josep Martínez
59%
10 2016 Diego Llorente
58%
22 2020 Marcos Llorente
58%
24 2014 Diego Costa
57%
46 2011 Thiago Alcántara
56%
2 2018 Pau López
55%
14 2021 Carlos Soler
51%
19 2016 Saúl Níguez
50%
44 2013 César Azpilicueta
49%
56 2009 Jesús Navas
49%
11 2023 Alejandro Grimaldo
48%
6 2025 Dean Huijsen
48%
20 2016 Iago Aspas
47%
9 2016 Lucas Vázquez
47%
36 2005 Pepe Reina
44%
13 2017 Kepa Arrizabalaga
42%
27 2019 Pablo Sarabia
42%
3 2021 Robert Sánchez
42%
1 2019 Jaime Mata
40%
41 2009 Juan Mata
40%
10 2020 Ansu Fati
39%
22 2012 Juanfran
39%
7 2014 Mikel San José
38%
58 2007 Raúl Albiol
38%
4 2013 Alberto Moreno
37%
1 2021 Álvaro Fernández
37%
2 2016 Ander Herrera
37%
18 2019 Gerard Moreno
37%
11 2016 Sergi Roberto
35%
2 2024 Álex Remiro
34%
17 2023 Joselu
34%
15 2021 Pedro Porro
34%
81 2008 Santi Cazorla
34%
5 2024 Ayoze Pérez
33%
11 2014 Juan Bernat
33%
19 2021 Yéremy Pino
33%
1 2025 Jesús Rodríguez
32%
2 2024 Marc Casadó
32%
2 2020 Óscar Rodríguez
32%
1 2021 Brahim Díaz
28%
10 2024 Dani Vivian
28%
22 2009 Nacho Monreal
28%
19 2014 Paco Alcácer
28%
28 2014 Rodrigo
28%
14 2023 Álex Baena
27%
13 2010 Aritz Aduriz
27%
4 2018 Dani Parejo
27%
4 2016 Héctor Bellerín
26%
14 2013 Marc Bartra
26%
16 2014 Nolito
26%
4 2017 Álvaro Odriozola
25%
5 2022 Borja Iglesias
25%
22 2018 José Gayà
25%
13 2018 Dani Ceballos
24%
4 2021 Óscar Mingueza
24%
4 2024 Pablo Barrios
24%
8 2020 Adama Traoré
23%
3 2017 Asier Illarramendi
22%
4 2024 Samu Aghehowa
21%
1 2024 Sergio Gómez
20%
6 2020 Sergio Reguilón
20%
4 2023 Oihan Sancet
19%
2 2012 Iker Muniain
17%
5 2014 José Callejón
17%
5 2018 Mario Hermoso
17%
1 2016 Sergio Rico
17%
5 2017 Suso
16%
11 2019 Sergio Canales
15%
1 2015 Aleix Vidal
14%
4 2018 Brais Méndez
14%
7 2016 Pablo Fornals
14%
4 2014 Gerard Deulofeu
9%
12 2015 Vitolo
9%
1 2016 Denis Suárez
8%
3 2013 Mario Suárez
8%
1 2016 Sergio Asenjo
7%
1 2024 Aitor Paredes
6%
5 2021 Bryan Gil
6%
3 2023 Bryan Zaragoza
6%
1 2015 Juanmi
6%
1 2017 Luis Alberto
6%
1 2021 Óscar Gil
6%
4 2021 Raúl de Tomás
6%
1 2019 Unai Núnez
6%
3 2021 Hugo Guillamón
5%
1 2021 Juan Miranda
5%
2 2023 Rodrigo Riquelme
5%
1 2023 Alfonso Pedraza
4%
1 2021 Fran Beltrán
4%
1 2025 Jorge de Frutos
3%
1 2021 Antonio Blanco
2%
10 2010 Bruno Soriano
2%
1 2017 Jonathan Viera
2%
3 2018 Jonny Otto
2%
1 2020 José Campana
2%
3 2015 Mario Gaspar
2%
1 2021 Álex Pozo
0%
1 2021 Gonzalo Villar
0%
1 2021 Javi Puado
0%
1 2015 Xabi Etxeita
0%
Aucun quiz correspondant
Distribution des résultats
% des personnes avec chaque résultat
Percentile par nombre de réponses
Votre historique - résultats
Vous n’avez pas pris ce quiz depuis la dernière actualisation